Tahdhib madarij al-salikin /

محفوظ في:

المؤلف الرئيسي: Ibn Qayyim al-Jawzīyah, Muḥammad ibn Abī Bakr, 1292-1350

مؤلفون آخرون: ʻIzzī, ʻAbd al-Munʻim Ṣāliḥ al-ʻAlī

التنسيق: كتاب

اللغة: Arabic

منشور في: al-Qāhirah : Dar al-Tawzi wa-al-Nashr al-Islamiyyah, 2003.

الموضوعات:

الوسوم: إضافة وسم

لا توجد وسوم, كن أول من يضع وسما على هذه التسجيلة!

رقم الطلب: BP188 .I236 2003

LEADER 00827nam a2200217Ia 4500
003 OSt
005 20241111090314.0
008 231106s2003 ua 000 0 arar
999 |c 54964  |d 54964 
040 |c ARCE Library 
050 4 |a BP188 .I236 2003 
100 1 |a Ibn Qayyim al-Jawzīyah, Muḥammad ibn Abī Bakr,   |d 1292-1350 
245 1 0 |a Tahdhib madarij al-salikin /   |c katabah Ibn Qayyim al-Jawzīyah ; wa-hadhdhabah ʻAbd al-Munʻim Ṣāliḥ al-ʻAlī al-ʻIzzī. 
264 1 |a al-Qāhirah :   |b Dar al-Tawzi wa-al-Nashr al-Islamiyyah,   |c 2003. 
300 |a 614 p. ;   |c 25 cm. 
600 1 0 |a Anṣārī al-Harawī, ʻAbd Allāh ibn Muḥammad,   |d 1006-1089. 
650 0 |a Islam -- Doctrines.  
650 0 |a Religious life -- Islam.  
700 1 |a ʻIzzī, ʻAbd al-Munʻim Ṣāliḥ al-ʻAlī,  
901 |a reviewed 
942 |2 lcc  |c BK